Normal view MARC view
  • Vinh, Bang

Entry Nombre Personal

Number of records used in: 4

001 - NUMERO DE CONTROL

  • campo de control: 44190

003 - IDENTIFICADOR DE NUMERO DE CONTROL

  • campo de control: DLC

005 - FECHA Y HORA DE LA ÜLTIMA TRANSACCIÓN

  • campo de control: 20220331151913.0

008 - DATOS DE LONGITUD FIJA

  • campo de control de longitud fija: 220331n| acannaab| |a aaa |||

010 ## - NÚMERO DE CONTROL DE LA BIBLIOTECA DEL CONGRESO

  • Número de control LC: n 91084779

040 ## - FUENTE DE CATALOGACIÓN

  • Agencia original de catalogación: DLC
  • Agencia de transcripción: DLC
  • Agencia que lo modifica: DLC
  • Agencia que lo modifica: MX-MxUPN
  • Lenguaje de catalogación: spa

100 10 - ENCABEZAMIENTO - NOMBRE PERSONAL

  • Nombre personal: Vinh, Bang

373 ## - GRUPO ASOCIADO

  • Associated group: Universidad de Génova

374 ## - OCUPACIÓN

  • Occupation: Profesor universitario

375 ## - GÉNERO

  • Gender: masculino

400 00 - VEÁSE - NOMBRE DE PERSONA

  • Personal name: Vinh Bang

400 10 - VEÁSE - NOMBRE DE PERSONA

  • Personal name: Bang, Vinh

670 ## - FUENTE EN LA QUE SE LOCALIZARON DATOS

  • Cita de la fuente: Psychologie génétique et didactique des sciences, c1989:
  • Información localizada: portada (Vinh Bang) página 4 de la cubierta (prof.; Université de Genève)

902 ## - CATALOGADOR

  • Catalogador: NDAF/220331